000 00774nam a2200253Ia 4500
003 OSt
005 20220928121414.0
006 a|||||r|||| 00| 0
007 ta
008 220927b |||||||| |||| 00| 0 eng d
020 _c6071.6700000000001
024 _a124611
037 _b2609, 25/09/2014, Ashutosh Technical Books
_cTextual
040 _aSDCL
_cSDCL
_beng
041 _2eng
_aeng
082 _aB13, Q3
100 _aEie Minking
_9452017
245 0 _aTheory of multiple zeta values with applications in combinatorics.
260 _aChennai
_bWorld Scientific
_c2013
300 _axii;300p.
_ccm.
650 _aMathematics
942 _hB13, Q3
_cTEXL
_2CC
999 _c765998
_d765998